| 000 | 00696nam a2200229 4500 | ||
|---|---|---|---|
| 005 | 20240530110550.0 | ||
| 008 | 160702s2014 ua ||||g b 00| 0 ara d | ||
| 017 | _a2013/17059 | ||
| 020 | _a9772329359 | ||
| 040 | _aEG-CaGPL | ||
| 082 | 0 | 4 |
_a372.218/ _bا ا _221 |
| 100 | 0 | _aامل خلف | |
| 245 | 1 | 0 |
_aاعداد برامج طفل الروضة / _cامل خلف. |
| 250 | _aط .1. | ||
| 260 |
_aالقاهرة : _bعالم الكتب، _c2014. |
||
| 300 |
_a233 ص. ؛ _c24 سم. |
||
| 504 | _aببيلوجرافية : ص. 221-226. | ||
| 650 | 0 | 4 | _aرياض الاطفال |
| 650 | 0 | 4 | _aتعليم الاطفال |
| 942 |
_2ddc _cBK |
||
| 999 |
_c62444 _d62444 |
||